<?xml version="1.0" encoding="UTF-8"?>
<collection xmlns="http://www.loc.gov/MARC21/slim">
 <record>
  <leader>00534pamaa2200157   4500</leader>
  <controlfield tag="001">0000021784</controlfield>
  <controlfield tag="005">20060726090000.0</controlfield>
  <datafield tag="020" ind1="0" ind2="0">
   <subfield code="a">0838427014 </subfield>
  </datafield>
  <datafield tag="082" ind1=" " ind2=" ">
   <subfield code="a">418.007 GRA</subfield>
  </datafield>
  <datafield tag="090" ind1="0" ind2="0">
   <subfield code="a">P53 </subfield>
   <subfield code="b">GRA 1988</subfield>
  </datafield>
  <datafield tag="245" ind1="0" ind2="0">
   <subfield code="a">GRAMMAR and second language teaching : </subfield>
   <subfield code="b">a book of readings  </subfield>
   <subfield code="c">edited by William Rutherford and Michael Sharwood Smith.</subfield>
  </datafield>
  <datafield tag="260" ind1="0" ind2="0">
   <subfield code="a">Boston: </subfield>
   <subfield code="b">Heinle &amp; Heinle, </subfield>
   <subfield code="c">1988.</subfield>
  </datafield>
  <datafield tag="300" ind1=" " ind2=" ">
   <subfield code="a">vii. 260p.; </subfield>
   <subfield code="c">24cm.</subfield>
  </datafield>
  <datafield tag="650" ind1="0" ind2="0">
   <subfield code="a">Language and languages -- </subfield>
   <subfield code="x">Study and teaching </subfield>
  </datafield>
  <datafield tag="700" ind1="1" ind2="1">
   <subfield code="a">Rutherford, </subfield>
   <subfield code="h">William </subfield>
  </datafield>
  <datafield tag="700" ind1="1" ind2="1">
   <subfield code="a">Smith, </subfield>
   <subfield code="h">Michael Sharwood </subfield>
  </datafield>
 </record>
</collection>
